Statistiken für Koblenz - Stadtteile

Klicken Sie hier um das Quiz zu spielen!

Allgemein

  • Dieses Quiz wurde 97 mal gespielt
  • Das Durchschnittsergebnis liegt bei 12 aus 23

Antwortstatistiken

HintAntwort% Korrekt
2Lützel
82%
15Metternich
75%
23Altstadt
74%
10Güls
65%
1Karthause
65%
7Neuendorf
63%
14Pfaffendorf
59%
19Oberwerth
57%
4Horchheim
53%
3Arenberg
50%
12Rübenach
50%
8Rauental
49%
13Asterstein
46%
17Bubenheim
44%
20Immendorf
44%
11Goldgrube
43%
22Südstadt
41%
16Wallersheim
41%
6Arzheim
40%
21Lay
40%
18Kesselheim
35%
9Stolzenfels
31%
5Niederberg
28%

Verteilung der Resultate

Perzentil nach korrekt beantworteten Fragen

Anzahl Personen mit jedem Resultat

Ihre Resultats-Entwicklung

Sie haben dieses Quiz noch nicht gespielt